000 00179nam a2200073Ia 4500
008 170617s9999 xx 000 0 und d
100 _aWallis-T.E
245 2 _aA Text Book of Pharmacognosy
260 _bElesvir Pub
999 _c15079
_d15079